| 000 | 005370000a22001810004500 | ||
|---|---|---|---|
| 090 |
_aAR _b02722 |
||
| 245 | 1 | 0 | _aSclerotiniaceae VII. on Phialea microspora and Helotium atrosubiculatum |
| 650 | 1 | 4 |
_aHongos _96834 |
| 650 | 1 | 4 |
_aMicología _97797 |
| 650 | 1 | 4 |
_aTaxonmía _996187 |
| 651 | 4 |
_pPuerto Rico _992749 |
|
| 653 |
_gPhialea _ePhialea microspora |
||
| 653 |
_gHelotium _eHelotium atrosubiculatum |
||
| 041 | 0 | _aInglés | |
| 100 | 1 |
_aDumont, Kent P. _996188 |
|
| 942 | _cARTICULO | ||
| 773 | 1 |
_tMycologia _3678 _h6 _q1039-1041 _d1974 _g66 |
|
| 999 |
_c11783 _d11783 |
||